[Event "Kirchberg op 7th"]
[Site "Kirchberg"]
[Date "2019.08.29"]
[Round "4"]
[White "Mostbauer, Florian"]
[Black "Freimueller, Peter"]
[Result "1-0"]
[WhiteElo "2343"]
[BlackElo "2008"]
[PlyCount "129"]
[EventDate "2019.08.26"]
[EventType "swiss"]
[EventRounds "7"]
[EventCountry "AUT"]
[SourceTitle "EXT 2020"]
[Source "ChessBase"]
[SourceDate "2019.10.17"]
[SourceVersion "1"]
[SourceVersionDate "2019.10.17"]
[SourceQuality "1"]

1. Nf3 Nf6 2. e3 b6 3. c4 Bb7 4. Nc3 e6 5. Be2 Be7 6. 0-0 0-0 7. d4 d5 8. cxd5 Nxd5 9. Bd2 Nd7 10. Nxd5 Bxd5 11. Bd3 c5 12. Qe2 cxd4 13. exd4 Nf6 14. Ne5 Bb7 15. Bc3 Nd5 16. f4 g6 17. Be4 Nxc3 18. bxc3 Bxe4 19. Qxe4 Qd5 20. Qxd5 exd5 21. Rae1 Bd6 22. Nd7 Rfd8 23. Nf6+ Kg7 24. Nxd5 Ba3 25. Nc7 Rac8 26. Nb5 Bf8 27. Nxa7 Rxc3 28. Nb5 Rc2 29. Rf2 Rdc8 30. g3 Kf6 31. Ree2 R2c4 32. Kg2 Rb4 33. Rb2 Rxb2 34. Rxb2 Rc4 35. Kf3 Ke6 36. Ke4 f5+ 37. Kd3 Ra4 38. Nc3 Ra6 39. Kc4 Bg7 40. Rb5 Bf6 41. Nd5 Bd8 42. Kb3 Kd6 43. a4 Ke6 44. h3 h5 45. Nb4 Ra7 46. Nc6 Rd7 47. Nxd8+ Rxd8 48. Rxb6+ Kd5 49. h4 Kxd4 50. a5 Kc5 51. Rxg6 Rd3+ 52. Kc2 Ra3 53. a6 Kc4 54. Kb2 Rb3+ 55. Ka2 Rb5 56. Rc6+ Kd5 57. Rc3 Rb8 58. a7 Ra8 59. Ra3 Kc4 60. Kb2 Kb4 61. Ra1 Kc4 62. Kc2 Kd4 63. Kd2 Kc4 64. Ke3 Re8+ 65. Kf3 1-0

[Event "AUT-chT2M 0304"]
[Site "Austria"]
[Date "2004.03.13"]
[Round "10.6"]
[White "Freimueller, Peter"]
[Black "Mitter, Gerd"]
[Result "1/2-1/2"]
[WhiteElo "2154"]
[BlackElo "2188"]
[PlyCount "128"]
[EventDate "2003.11.08"]
[EventType "team-tourn"]
[EventRounds "11"]
[EventCountry "AUT"]
[SourceTitle "CBM 097 Extra"]
[Source "ChessBase"]
[SourceDate "2004.01.13"]
[SourceVersion "1"]
[SourceVersionDate "2004.01.13"]
[SourceQuality "1"]
[WhiteTeam "Hoersching"]
[BlackTeam "Trofaiach Niklasdorf"]
[WhiteTeamCountry "AUT"]
[BlackTeamCountry "AUT"]

1. d4 Nf6 2. c4 g6 3. Nc3 d5 4. cxd5 Nxd5 5. e4 Nxc3 6. bxc3 Bg7 7. Bc4 c5 8. Ne2 Nc6 9. Be3 0-0 10. 0-0 Qc7 11. Qc1 Rd8 12. Rd1 Na5 13. Bd3 b6 14. Qa3 c4 15. Bc2 Bb7 16. Ng3 Rd7 17. e5 e6 18. Be4 Bd5 19. Bxd5 exd5 20. f4 Re8 21. Qc1 f5 22. exf6 Bxf6 23. f5 Rde7 24. Bf4 Qc6 25. Qd2 Nb7 26. fxg6 hxg6 27. Bg5 Qe6 28. Bxf6 Qxf6 29. Rf1 Qh4 30. Rf4 Qh6 31. Qf2 Nd6 32. Rf1 Qg7 33. Qf3 Ne4 34. Nxe4 dxe4 35. Qe2 b5 36. h4 e3 37. Rg4 Re4 38. Rff4 Rxf4 39. Rxf4 Qh6 40. g3 Qg7 41. Kf1 Qd7 42. Rg4 Qf5+ 43. Kg2 Kg7 44. Rf4 Qd3 45. Qg4 Re7 46. Qg5 Rd7 47. Qxb5 Rf7 48. Qe5+ Kf8 49. d5 Qd2+ 50. Kh3 Rxf4 51. Qxf4+ Kg7 52. Qe5+ Kh7 53. Qe7+ Kg8 54. d6 Qd3 55. Qe6+ Kg7 56. d7 e2 57. Qe7+ Kh6 58. Qg5+ Kg7 59. d8Q Qxd8 60. Qxd8 e1Q 61. Qd4+ Kh7 62. Qxa7+ Kh6 63. Qd4 Qf1+ 64. Kh2 Qe2+ 1/2-1/2

[Event "AUT-chT2M 0304"]
[Site "Austria"]
[Date "2004.01.31"]
[Round "6.6"]
[White "Freimueller, Peter"]
[Black "Stadler, Peter"]
[Result "1-0"]
[WhiteElo "2154"]
[BlackElo "2180"]
[PlyCount "135"]
[EventDate "2003.11.08"]
[EventType "team-tourn"]
[EventRounds "11"]
[EventCountry "AUT"]
[SourceTitle "CBM 097 Extra"]
[Source "ChessBase"]
[SourceDate "2004.01.13"]
[SourceVersion "1"]
[SourceVersionDate "2004.01.13"]
[SourceQuality "1"]
[WhiteTeam "Hoersching"]
[BlackTeam "St Valentin"]
[WhiteTeamCountry "AUT"]
[BlackTeamCountry "AUT"]

1. d4 Nf6 2. c4 g6 3. Nc3 d5 4. Nf3 Bg7 5. e3 0-0 6. cxd5 Nxd5 7. Qb3 Nb6 8. Be2 Be6 9. Qc2 Nc6 10. 0-0 Bf5 11. Qb3 Be6 12. Qa3 Qd6 13. Nb5 Qxa3 14. Nxa3 a6 15. Bd2 Bd5 16. Rfc1 e5 17. dxe5 Nxe5 18. Nxe5 Bxe5 19. Bc3 Bxc3 20. Rxc3 c6 21. f3 Rfd8 22. b3 Be6 23. e4 Rd2 24. Kf2 Rad8 25. Rc2 Kf8 26. Ke3 Rxc2 27. Nxc2 Ke7 28. Rc1 c5 29. Ne1 Rc8 30. g4 g5 31. Rc2 c4 32. bxc4 Bxc4 33. Rb2 Rc6 34. Rxb6 Rxb6 35. Bxc4 Rb2 36. Nd3 Rxh2 37. e5 b5 38. Bd5 a5 39. Kd4 Rc2 40. Bb3 Rc8 41. Nc5 Rc7 42. Bd5 h6 43. Nb7 a4 44. Nd6 b4 45. Nxf7 Rc1 46. Nxh6 b3 47. Nf5+ Kf8 48. Bxb3 axb3 49. axb3 Rb1 50. Kc4 Re1 51. Kd5 Rb1 52. Nd4 Ke8 53. Ne6 Rxb3 54. Nxg5 Ke7 55. Ke4 Rb4+ 56. Kf5 Rb5 57. Ne4 Ra5 58. g5 Kf7 59. g6+ Kg7 60. Ng5 Ra3 61. Ne6+ Kg8 62. f4 Ra4 63. Kf6 Ra6 64. f5 Rb6 65. Ke7 Rb7+ 66. Kd6 Ra7 67. f6 Ra6+ 68. Ke7 1-0

[Event "AUT-chT2M 0304"]
[Site "Austria"]
[Date "2003.11.08"]
[Round "1.6"]
[White "Pfaffel, Thomas"]
[Black "Freimueller, Peter"]
[Result "1-0"]
[WhiteElo "2126"]
[BlackElo "2154"]
[PlyCount "97"]
[EventDate "2003.11.08"]
[EventType "team-tourn"]
[EventRounds "11"]
[EventCountry "AUT"]
[SourceTitle "CBM 097 Extra"]
[Source "ChessBase"]
[SourceDate "2004.01.13"]
[SourceVersion "1"]
[SourceVersionDate "2004.01.13"]
[SourceQuality "1"]
[WhiteTeam "Graz Austria II"]
[BlackTeam "Hoersching"]
[WhiteTeamCountry "AUT"]
[BlackTeamCountry "AUT"]

1. e4 c5 2. Nf3 e6 3. d4 cxd4 4. Nxd4 Nf6 5. Nc3 d6 6. Be2 Be7 7. 0-0 0-0 8. Be3 a6 9. a4 Nbd7 10. f4 Qc7 11. Bf3 Nb6 12. Bf2 Bd7 13. Qe2 Nc4 14. Nd1 Rac8 15. b3 Na5 16. e5 Ne8 17. c4 dxe5 18. fxe5 Bb4 19. Rb1 Nc6 20. Nc2 Be7 21. Re1 Qa5 22. Kh1 g6 23. Nb2 Ng7 24. Nd3 Nf5 25. Red1 Rfd8 26. b4 Qc7 27. a5 Qb8 28. Bb6 Rf8 29. Nc5 Be8 30. Nd3 Nd8 31. Nf2 Bc6 32. Nd4 Bxf3 33. Nxf3 Nc6 34. b5 axb5 35. cxb5 Nb4 36. Nd4 Nxd4 37. Bxd4 Rc2 38. Qe4 Qc7 39. Ng4 Nd5 40. a6 bxa6 41. bxa6 Rc4 42. Qf3 Qc6 43. a7 Nb4 44. Qh3 h5 45. Ne3 Rd8 46. Nxc4 Qxc4 47. Bc5 Qc2 48. Rxd8+ Bxd8 49. Qb3 1-0

[Event "AUT-chT2M 0102"]
[Site "Austria"]
[Date "2002.01.12"]
[Round "6.6"]
[White "Vlasak, Reinhard"]
[Black "Freimueller, Peter"]
[Result "1/2-1/2"]
[WhiteElo "2160"]
[BlackElo "2080"]
[PlyCount "151"]
[EventDate "2001.11.02"]
[EventType "team-tourn"]
[EventRounds "11"]
[EventCountry "AUT"]
[SourceTitle "EXT 2003"]
[Source "ChessBase"]
[SourceDate "2002.11.25"]
[SourceVersion "1"]
[SourceVersionDate "2002.11.25"]
[SourceQuality "1"]

1. e4 c5 2. c3 d5 3. exd5 Qxd5 4. d4 Nc6 5. Nf3 cxd4 6. cxd4 Bg4 7. Nc3 Qa5 8. Be2 e6 9. 0-0 Nf6 10. h3 Bh5 11. Re1 Be7 12. Be3 0-0 13. Qb3 Qb4 14. Ne5 Qxb3 15. axb3 Bxe2 16. Nxc6 bxc6 17. Rxe2 a5 18. Rc2 Nd5 19. Na4 Nb4 20. Rc4 Rfd8 21. Bd2 h6 22. Nb6 Rab8 23. Bxb4 Bxb4 24. Rxc6 Rxd4 25. Nc4 Rbd8 26. g3 Rd3 27. Ra6 Rxb3 28. Ra2 Rd5 29. Kg2 Rf5 30. Nxa5 Rbf3 31. b3 Bc5 32. Nb7 Bxf2 33. g4 R5f4 34. R6a4 Be1 35. Rxf4 Rxf4 36. Nd6 f6 37. Ra8+ Kh7 38. Ra7 Rb4 39. Ne8 Rxb3 40. Rxg7+ Kh8 41. Rg6 Bd2 42. Nxf6 Rb8 43. Ne4 Bf4 44. Rxe6 Rb3 45. Rf6 Bc7 46. Rc6 Bf4 47. Nf6 Bg5 48. Ne4 Bf4 49. Rc3 Rxc3 50. Nxc3 Kg7 51. Kf3 Bd2 52. Ne4 Be1 53. Ke2 Bh4 54. Nd6 Kf6 55. Kf3 Be1 56. Nf5 Kg5 57. Ne3 Bb4 58. Ng2 Bd2 59. h4+ Kf6 60. Nf4 Bc1 61. Nh5+ Ke6 62. Ng3 Kf6 63. Ne4+ Ke5 64. Nc5 Bd2 65. Nd3+ Kf6 66. h5 Ba5 67. Nc5 Bd8 68. Ne4+ Ke5 69. Nf2 Bg5 70. Nd3+ Kd4 71. Nf4 Ke5 72. Ng6+ Kf6 73. Nf4 Ke5 74. Nh3 Bc1 75. Ke2 Ke4 76. Nf2+ 1/2-1/2